000 01420nam2a22002651 4500
001 RU\NLR\INFOCOMM18\1000224932
005 20250617014710.0
035 _a(NLR Aleph) 002354388
090 _a4522528
_c4522528
100 _a20041115d1975 |||y0rusy50 ca
101 0 _arus
102 _aRU
105 _ay |||||||||
200 1 _aФотография и серебро
_fИ. Эпперлейн и С. Спигиль
210 _d1975
_aБ. м.
461 0 _1001RU\NLR\INFOCOMM18\1000224914
_12001#$aСовременные проблемы химии и химической промышленности$fМеждунар. система науч.-техн. информации по химии и хим. пром-сти. Постоянная комис. СЭВ по хим. пром-сти$v1975, Вып.6(18)
_94522469
_cМ.
_d1974-1988
_fМеждунар. система науч.-техн. информации по химии и хим. пром-сти. Постоянная комис. СЭВ по хим. пром-сти
_nНИИТЭХИМ
_tСовременные проблемы химии и химической промышленности
_v1975, Вып.6(18)
700 1 _aЭпперлейн
_bИ.
_4070
701 1 _aСпигиль
_bС.
_4070
801 1 _aRU
_bInfoComm
_c20041115
801 0 _aRU
_bNLR
_gPSBO
852 _aNLR
_jП10/5013
942 _cISSUE
980 _aNB
980 _aRUSPER